Statistics for Things in Common #2

Click here to take the quiz!

General Stats

  • This quiz has been taken 18 times
  • The average score is 6 of 32

Answer Stats

On-Screen Couple Movie Title % Correct
Sleepless in Seattle
88%
Keanu Reeves & Sandra BullockSpeed
81%
Brad Pitt & Angelina JolieMr. & Mrs. Smith
81%
You've Got Mail!
75%
Bradley Cooper & Jennifer LawrenceSilver Linings Playbook
50%
Jon Hamm & Kristen WiigBridesmaids
31%
Ben Affleck & Jennifer LopezGigli
31%
Owen Wilson & Rachel McAdamsWedding Crashers
25%
Tom Cruise & Cameron DiazVanilla Sky
25%
Knight and Day
25%
La La Land
19%
Burt Lancaster & Deborah KerrFrom Here to Eternity
13%
Clive Owen & Julia RobertsCloser
13%
The Lake House
13%
The Fault In Our Stars
13%
Serena
6%
Jersey Girl
6%
Ryan Gosling & Emma StoneCrazy, Stupid, Love
6%
Friends With Kids
6%
Tom Hanks & Meg RyanJoe Versus the Volcano
6%
Ansel Elgort & Shailene WoodleyDivergent
6%
Midnight in Paris
6%
That Hamilton Woman
0%
The Gypsy Moths
0%
21 Days
0%
Laurence Olivier & Vivian LeighFire Over England
0%
Gangster Squad
0%
Ithica
0%
Duplicity
0%
By the Sea
0%
Paul Rudd & Reese WitherspoonOvernight Delivery
0%
How Do You Know
0%

Score Distribution

Percentile by Number Answered

Percent of People with Each Score

Your Score History

You have not taken this quiz